[Event "Krakow op-A 34th"]
[Site "Krakow"]
[Date "2023.12.28"]
[Round "2"]
[White "Dubnevych, Maksym"]
[Black "Fishchuk, Vladyslav"]
[Result "0-1"]
[WhiteElo "2340"]
[BlackElo "2198"]
[PlyCount "52"]
[EventDate "2023.12.27"]
[EventType "swiss"]
[EventRounds "9"]
[EventCountry "POL"]
[SourceTitle "CB02_2024"]
[SourceDate "2024.01.10"]
[SourceVersion "1"]
[SourceVersionDate "2024.01.10"]
[SourceQuality "1"]

1. e4 e5 2. Nf3 Nc6 3. d4 exd4 4. Nxd4 Bc5 5. Nb3 Bb6 6. Nc3 Nge7 7. a4 a6 8. Nd5 Nxd5 9. exd5 Qf6 10. Qe2+ Ne7 11. g3 d6 12. Bg2 Bg4 13. Qd2 Qe5+ 14. Kf1 a5 15. f4 Qf6 16. h3 Bd7 17. Be4 c6 18. dxc6 bxc6 19. Kg2 d5 20. Bf3 0-0 21. Qd3 Nf5 22. Kh2 Bf2 23. g4 Qh4 24. Kg2 Qg3+ 25. Kf1 Rfe8 26. Qa6 Re1# 0-1

[Event "Titled Tuesday intern op 19th Dec Early"]
[Site "Chess.com INT"]
[Date "2023.12.19"]
[Round "5"]
[White "Balint, Vilmos"]
[Black "Fishchuk, Vladyslav"]
[Result "1-0"]
[WhiteElo "2223"]
[BlackElo "2198"]
[PlyCount "107"]
[EventDate "2023.12.19"]
[EventType "swiss (blitz)"]
[EventRounds "11"]
[EventCountry "USA"]
[SourceTitle "CB52_2023"]
[SourceDate "2023.12.27"]
[SourceVersion "1"]
[SourceVersionDate "2023.12.27"]
[SourceQuality "1"]

1. e4 e6 2. d4 d5 3. Nc3 Bb4 4. exd5 exd5 5. Bd3 Nf6 6. Nge2 0-0 7. 0-0 c6 8. f3 Be6 9. Bg5 h6 10. Bh4 Bd6 11. Bg3 Re8 12. Qd2 Bxg3 13. hxg3 Qd7 14. Nf4 Bf5 15. Rae1 Bxd3 16. Qxd3 Na6 17. g4 Qd6 18. Qd2 Nc7 19. Nd3 Ne6 20. Ne5 Nd7 21. Rf2 Nxe5 22. Rxe5 Qb4 23. Rfe2 Kf8 24. Kh2 Nxd4 25. Rxe8+ Rxe8 26. Rxe8+ Kxe8 27. Qe3+ Ne6 28. Qxa7 Qxb2 29. Na4 Ke7 30. Nb6 Kf6 31. Qxb7 Qxc2 32. Nd7+ Kg5 33. Ne5 f6 34. Qxc6 Qxc6 35. Nxc6 Kf4 36. a4 Ke3 37. a5 Nc5 38. Kg1 d4 39. Kf1 d3 40. Ke1 d2+ 41. Kd1 Na4 42. Kc2 Nc3 43. Kxc3 d1Q 44. Nb4 Qe1+ 45. Kc4 Qc1+ 46. Kb5 Qc8 47. a6 Qb8+ 48. Kc5 Qa7+ 49. Kc6 Qa8+ 50. Kb6 Qb8+ 51. Kc5 Qc7+ 52. Nc6 Kd3 53. a7 Qb7 54. Kd6 1-0

[Event "Titled Tuesday intern op 19th Dec Early"]
[Site "Chess.com INT"]
[Date "2023.12.19"]
[Round "2"]
[White "Galchenko, Matvey"]
[Black "Fishchuk, Vladyslav"]
[Result "1-0"]
[WhiteElo "2438"]
[BlackElo "2198"]
[PlyCount "81"]
[EventDate "2023.12.19"]
[EventType "swiss (blitz)"]
[EventRounds "11"]
[EventCountry "USA"]
[SourceTitle "CB52_2023"]
[SourceDate "2023.12.27"]
[SourceVersion "1"]
[SourceVersionDate "2023.12.27"]
[SourceQuality "1"]

1. e4 c5 2. Nf3 Nf6 3. e5 Nd5 4. c3 Nc6 5. Bc4 Nb6 6. Bb3 d5 7. exd6 Qxd6 8. 0-0 Be6 9. Bxe6 Qxe6 10. a4 Qd7 11. a5 Nd5 12. d4 cxd4 13. Nxd4 a6 14. Re1 e6 15. Qa4 Rc8 16. Nd2 Be7 17. N2f3 0-0 18. Nxc6 Qxc6 19. Qg4 Bf6 20. Bg5 Bxg5 21. Nxg5 h6 22. Nf3 Qb5 23. Ra2 Qc4 24. Qxc4 Rxc4 25. Ne5 Rcc8 26. Kf1 Rfd8 27. Raa1 f6 28. Nf3 e5 29. Red1 Kf7 30. g3 Nc7 31. Ke2 Ne6 32. Rxd8 Rxd8 33. Ra4 Nc5 34. Rb4 Ke6 35. Nd2 Rd7 36. Nc4 Nd3 37. Rb6+ Kf5 38. Nd6+ Ke6 39. Nxb7+ Kf5 40. Nd6+ Kg4 41. Kxd3 1-0

[Event "Berlin Radtke Memorial op"]
[Site "Berlin"]
[Date "2023.10.27"]
[Round "7"]
[White "Fishchuk, Vladyslav"]
[Black "Stremavicius, Pijus"]
[Result "0-1"]
[WhiteElo "2182"]
[BlackElo "2359"]
[PlyCount "32"]
[EventDate "2023.10.23"]
[EventType "swiss"]
[EventRounds "9"]
[EventCountry "GER"]
[SourceTitle "Mega2024 Update 01"]
[Source "Chessbase"]
[SourceDate "2023.11.12"]
[SourceVersion "1"]
[SourceVersionDate "2023.11.12"]
[SourceQuality "1"]

1. Nc3 c5 2. Nf3 d5 3. d4 Nf6 4. Bf4 e6 5. dxc5 Bxc5 6. e4 Qb6 7. Bb5+ Bd7 8. Bxd7+ Nbxd7 9. 0-0 dxe4 10. Ne5 Qxb2 11. Nxe4 Rd8 12. Rb1 Qxa2 13. Nxf6+ Nxf6 14. Qxd8+ Kxd8 15. Rxb7 Kc8 16. Rfb1 Bb6 0-1

[Event "EU-ch U16 rapid"]
[Site "Terme Catez"]
[Date "2023.09.28"]
[Round "1"]
[White "Fishchuk, Vladyslav"]
[Black "Zadro, Matej"]
[Result "0-1"]
[WhiteElo "2161"]
[BlackElo "1761"]
[PlyCount "136"]
[EventDate "2023.09.28"]
[EventType "swiss (rapid)"]
[EventRounds "9"]
[EventCountry "SLO"]
[SourceTitle "EXT 2024"]
[Source "ChessBase"]
[SourceDate "2023.10.10"]
[SourceVersion "1"]
[SourceVersionDate "2023.10.10"]
[SourceQuality "1"]

1. d4 d5 2. c4 e6 3. Nf3 c5 4. cxd5 exd5 5. g3 Nc6 6. Bg2 Nf6 7. 0-0 Be6 8. Nc3 c4 9. Ne5 Be7 10. b3 cxb3 11. Qxb3 0-0 12. Rd1 Qa5 13. Nxc6 bxc6 14. Bf4 Nh5 15. Bd2 Qa6 16. Qc2 Nf6 17. Bf4 Rfd8 18. Na4 Nh5 19. Be3 Rab8 20. Nc5 Bxc5 21. Qxc5 Rb5 22. Qc2 Rdb8 23. Rab1 g6 24. Rxb5 Qxb5 25. Rc1 Rb6 26. a4 Qb4 27. h3 Bf5 28. Qc5 Bd7 29. Bg5 Qxc5 30. Rxc5 Ng7 31. Ra5 Ne6 32. Bf6 Rb7 33. e3 Ng7 34. Bf1 Nf5 35. Kg2 Kf8 36. Rc5 Rb2 37. Kf3 Ke8 38. Ra5 Rb7 39. Be5 Ke7 40. g4 Nd6 41. Bxd6+ Kxd6 42. Kf4 f6 43. h4 Rb1 44. Bd3 Rb3 45. Bf1 Rb1 46. Bh3 Rb7 47. f3 Kc7 48. Bf1 Kd6 49. Rc5 Rb4 50. Ra5 Rb7 51. Bd3 Rb3 52. Bc2 Rb2 53. Bd1 Rb1 54. Be2 Re1 55. Bd3 Rd1 56. Ba6 Rh1 57. Bb7 Kc7 58. Rxa7 Kb6 59. Bc8 Bxc8 60. Rxh7 g5+ 61. Kg3 Rxh4 62. Rxh4 gxh4+ 63. Kxh4 c5 64. Kh5 c4 65. Kg6 c3 66. Kxf6 c2 67. g5 c1Q 68. g6 Qxe3 0-1

[Event "Titled Tuesday intern op 26th Sep Early"]
[Site "Chess.com INT"]
[Date "2023.09.26"]
[Round "4"]
[White "Fishchuk, Vladyslav"]
[Black "Kushko, Dmitriy"]
[Result "0-1"]
[WhiteElo "2204"]
[BlackElo "2426"]
[PlyCount "116"]
[EventDate "2023.09.26"]
[EventType "swiss (blitz)"]
[EventRounds "11"]
[EventCountry "USA"]
[SourceTitle "EXT 2024"]
[Source "ChessBase"]
[SourceDate "2023.10.10"]
[SourceVersion "1"]
[SourceVersionDate "2023.10.10"]
[SourceQuality "1"]

1. d4 g6 2. Nc3 Bg7 3. e4 d6 4. Nf3 a6 5. Be3 Nf6 6. Qd2 0-0 7. Bh6 c5 8. h4 cxd4 9. Nxd4 Bxh6 10. Qxh6 Ng4 11. Qd2 h5 12. f3 Nf6 13. Qh6 Nc6 14. 0-0-0 Nxd4 15. Rxd4 Qb6 16. Rd2 Be6 17. g4 Rfc8 18. gxh5 Nxh5 19. Bh3 Bxh3 20. Nd5 Qd8 21. Rxh3 e6 22. Ne3 Qf6 23. Ng4 Qf4 24. Qxf4 Nxf4 25. Rg3 Rd8 26. h5 Nxh5 27. Rg1 Kf8 28. Rf2 Ke7 29. f4 Nf6 30. Nxf6 Kxf6 31. e5+ Ke7 32. Rh1 Rh8 33. exd6+ Kxd6 34. Rd1+ Ke7 35. c4 Rac8 36. b3 b5 37. Rd4 Rh5 38. Kc2 bxc4 39. Rxc4 Rxc4+ 40. bxc4 Rf5 41. Kc3 g5 42. Rb2 gxf4 43. Kd4 f3 44. Rf2 Rf4+ 45. Kc5 e5 46. Kd5 Kf6 47. c5 Rd4+ 48. Kc6 e4 49. Kb7 Ke5 50. c6 Rc4 51. c7 Kf4 52. Rb2 f5 53. a4 a5 54. Rb6 Rxc7+ 55. Kxc7 f2 56. Rb1 e3 57. Kb6 e2 58. Kxa5 e1Q+ 0-1

[Event "Titled Tuesday intern op 26th Sep Early"]
[Site "Chess.com INT"]
[Date "2023.09.26"]
[Round "2"]
[White "Fishchuk, Vladyslav"]
[Black "Postny, Evgeny"]
[Result "1-0"]
[WhiteElo "2204"]
[BlackElo "2570"]
[PlyCount "73"]
[EventDate "2023.09.26"]
[EventType "swiss (blitz)"]
[EventRounds "11"]
[EventCountry "USA"]
[SourceTitle "EXT 2024"]
[Source "ChessBase"]
[SourceDate "2023.10.10"]
[SourceVersion "1"]
[SourceVersionDate "2023.10.10"]
[SourceQuality "1"]

1. e4 c5 2. Nf3 Nc6 3. Bb5 g6 4. 0-0 Bg7 5. Re1 Nf6 6. e5 Nd5 7. Nc3 Nc7 8. Bxc6 dxc6 9. h3 0-0 10. d3 b6 11. Bf4 Ne6 12. Bg3 Nd4 13. Ne4 Bf5 14. c3 Bxe4 15. Rxe4 Ne6 16. Qe2 Qd5 17. Rd1 Qxa2 18. h4 h5 19. Ng5 Nxg5 20. hxg5 Qe6 21. Bh2 Rad8 22. g4 hxg4 23. Rxg4 Rd5 24. Re4 Rfd8 25. Kg2 Qd7 26. e6 Rxg5+ 27. Bg3 fxe6 28. Rxe6 Qd5+ 29. Re4 Bf6 30. c4 Qf5 31. Rh1 Rh5 32. Rf4 Qe5 33. Re4 Qxb2 34. Qg4 Rxh1 35. Qxg6+ Bg7 36. Be5 Rh7 37. Bxb2 1-0

[Event "World ol U16"]
[Site "Eindhoven"]
[Date "2023.08.17"]
[Round "7.3"]
[White "Kilic, Eray"]
[Black "Fishchuk, Vladyslav"]
[Result "1-0"]
[WhiteElo "2433"]
[BlackElo "2204"]
[PlyCount "65"]
[EventDate "2023.08.13"]
[EventType "team-swiss"]
[EventRounds "9"]
[EventCountry "NED"]
[SourceTitle "CBM 215 Extra"]
[Source "ChessBase"]
[SourceDate "2023.09.30"]
[SourceVersion "1"]
[SourceVersionDate "2023.09.30"]
[SourceQuality "1"]
[WhiteTeam "Turkey"]
[BlackTeam "Ukraine"]
[WhiteTeamCountry "TUR"]
[BlackTeamCountry "UKR"]

1. e4 e5 2. Nf3 Nc6 3. Nc3 Nf6 4. a3 d5 5. Bb5 Nxe4 6. Qe2 Bd6 7. Nxd5 Nf6 8. Nxf6+ gxf6 9. d4 0-0 10. dxe5 fxe5 11. Bg5 f6 12. Bh6 Re8 13. 0-0-0 Qe7 14. Nh4 Nd4 15. Bc4+ Kh8 16. Qh5 Be6 17. Be3 Rg8 18. Bxe6 Qxe6 19. Bxd4 exd4 20. Kb1 Rae8 21. g3 Rg5 22. Qf3 c5 23. Rhe1 Re5 24. Rxe5 fxe5 25. Qxb7 e4 26. Re1 c4 27. Nf3 Qf5 28. Qc6 Rd8 29. Nxd4 Qxf2 30. Rxe4 Bxa3 31. bxa3 Rb8+ 32. Ka2 Qf1 33. Re8+ 1-0

[Event "Morshyn All Ukranian 1st"]
[Site "Morshyn"]
[Date "2023.07.08"]
[Round "9"]
[White "Fishchuk, Vladyslav"]
[Black "Yushko, Olga"]
[Result "1-0"]
[WhiteElo "2228"]
[BlackElo "2064"]
[PlyCount "57"]
[EventDate "2023.07.08"]
[EventType "swiss (rapid)"]
[EventRounds "9"]
[EventCountry "UKR"]
[SourceTitle "CBM 215 Extra"]
[Source "ChessBase"]
[SourceDate "2023.09.30"]
[SourceVersion "1"]
[SourceVersionDate "2023.09.30"]
[SourceQuality "1"]

1. d4 e6 2. Nc3 d5 3. Bf4 Nf6 4. Nb5 Na6 5. e3 c6 6. Nc3 Qb6 7. Rb1 Bb4 8. a3 Bxc3+ 9. bxc3 Qa5 10. Qd3 Qxa3 11. Ne2 0-0 12. g4 Rd8 13. g5 Ne4 14. f3 Nd6 15. h4 c5 16. h5 cxd4 17. exd4 Qa2 18. Rd1 Qc4 19. Qd2 Nf5 20. g6 Bd7 21. gxh7+ Kxh7 22. Be5 Rac8 23. h6 g6 24. Qg5 Rg8 25. Qf6 Be8 26. Bh3 Ne3 27. Bg4 Nxc2+ 28. Kf2 g5 29. Qg7+ 1-0

[Event "Malakhatko Memorial op"]
[Site "Chess.com INT"]
[Date "2023.06.14"]
[Round "11"]
[White "Zavgorodniy, Sergiy"]
[Black "Fishchuk, Vladyslav"]
[Result "1-0"]
[WhiteElo "2416"]
[BlackElo "2276"]
[PlyCount "51"]
[EventDate "2023.06.14"]
[EventType "swiss (blitz)"]
[EventRounds "11"]
[EventCountry "USA"]
[SourceTitle "CBM 214 Extra"]
[Source "ChessBase"]
[SourceDate "2023.07.31"]
[SourceVersion "1"]
[SourceVersionDate "2023.07.31"]
[SourceQuality "1"]

1. e4 c5 2. Nf3 Nf6 3. d3 Nc6 4. g3 d5 5. Nbd2 g6 6. Bg2 Bg7 7. 0-0 0-0 8. Re1 e5 9. exd5 Nxd5 10. c3 Re8 11. Qc2 h6 12. a4 b6 13. Nc4 Bf5 14. Nfd2 Rc8 15. Ne4 Be6 16. Ned6 h5 17. Nxe8 Qxe8 18. Nd6 Qd8 19. Nxc8 Qxc8 20. Bg5 f6 21. Bd2 h4 22. Re4 h3 23. Bh1 f5 24. Re2 f4 25. Rae1 Bg4 26. Bxd5+ 1-0

[Event "Titled Tuesday intern op 30th May Early"]
[Site "Chess.com INT"]
[Date "2023.05.30"]
[Round "7"]
[White "Fishchuk, Vladyslav"]
[Black "Bartel, Michal"]
[Result "0-1"]
[WhiteElo "2252"]
[BlackElo "2252"]
[PlyCount "68"]
[EventDate "2023.05.30"]
[EventType "swiss (blitz)"]
[EventRounds "11"]
[EventCountry "USA"]
[SourceTitle "CBM 214 Extra"]
[Source "ChessBase"]
[SourceDate "2023.07.31"]
[SourceVersion "1"]
[SourceVersionDate "2023.07.31"]
[SourceQuality "1"]

1. e4 e5 2. Nf3 Nc6 3. Nc3 g6 4. d4 exd4 5. Nd5 Bg7 6. Bg5 Nce7 7. Nxd4 c6 8. Nc3 h6 9. Be3 d5 10. Be2 c5 11. Ndb5 d4 12. Bf4 Kf8 13. 0-0 Be6 14. Na4 b6 15. Nc7 Rc8 16. Nxe6+ fxe6 17. b3 Nf6 18. Bd3 Nc6 19. a3 e5 20. Bd2 g5 21. Nb2 Kg8 22. h4 g4 23. f3 Qd7 24. fxg4 Nxg4 25. Rf5 h5 26. Bc4+ Kh7 27. Rf7 Qe8 28. a4 Rf8 29. Rxf8 Qxf8 30. Nd3 Qf6 31. Qe2 Qxh4 32. Nf2 Qh2+ 33. Kf1 Rf8 34. Be1 Qh1# 0-1